000 00358nam a2200145Ia 4500
008 230917s9999||||xx |||||||||||||| ||und||
040 _e133412
_aMAIN
041 _aEnglish
082 _a005.74 D451I
100 _aDesai, Bipin C
245 0 _aIntroduction to database systems
260 _aNew Delhi
_bGalgotia
_c1990
300 _a820p. p.
942 _cBK
999 _c108845
_d108845